Ultimate DC Characters List - Statistics

General Stats
  • This quiz has been taken 321 times
    27 since last reset
  • The average score is 108 of 340
Answer Stats
Character % Correct
Batman
100%
Robin
100%
Superman
100%
Flash
94%
Green Lantern
94%
Joker
94%
Supergirl
94%
Aquaman
88%
Batgirl
88%
Batwoman
88%
Cyborg
88%
Green Arrow
88%
Harley Quinn
88%
Nightwing
88%
Scarecrow
88%
Wonder Woman
88%
Beast Boy
82%
Catwoman
82%
Deadshot
82%
Killer Croc
82%
Mr. Freeze
82%
Penguin
82%
Poison Ivy
82%
Red Hood
82%
Riddler
82%
Starfire
82%
Superboy
82%
Bane
76%
Black Canary
76%
Blue Beetle
76%
Fire
76%
Hawkgirl
76%
Hawkman
76%
Lois Lane
76%
Raven
76%
Shazam
76%
Two-Face
76%
Alfred Pennyworth
71%
Atom
71%
Cheetah
71%
Clayface
71%
Darkseid
71%
Deathstroke
71%
Lex Luthor
71%
Martian Manhunter
71%
Plastic Man
71%
Zatanna
71%
Aqualad
65%
Black Adam
65%
Black Mask
65%
Constantine
65%
Doomsday
65%
Firefly
65%
Kid Flash
65%
Ra's al Ghul
65%
Talia al Ghul
65%
Wonder Girl
65%
Booster Gold
59%
Brainiac
59%
Doctor Fate
59%
Huntress
59%
Killer Moth
59%
Krypto
59%
Mr Terrific
59%
Calendar Man
53%
Captain Atom
53%
General Zod
53%
Hush
53%
King Shark
53%
Martha Wayne
53%
Red Tornado
53%
Reverse Flash
53%
Thomas Wayne
53%
Vicki Vale
53%
Ace
47%
Azrael
47%
Black Manta
47%
Elongated Man
47%
Enchantress
47%
Etrigan
47%
Gorilla Grodd
47%
Hugo Strange
47%
Ice
47%
James Gordon
47%
Mad Hatter
47%
Man-Bat
47%
Metallo
47%
Miss Martian
47%
Ocean Master
47%
Professor Pyg
47%
Ratcatcher
47%
Solomon Grundy
47%
Aquagirl
41%
Batwing
41%
Blackfire
41%
Black Lightning
41%
Captain Boomerang
41%
Captain Cold
41%
Deadman
41%
Firestorm
41%
Jimmy Olsen
41%
Killer Frost
41%
Lobo
41%
Martha Kent
41%
Mirror Master
41%
Peacemaker
41%
Victor Zsasz
41%
Wildcat
41%
Zoom
41%
Amazo
35%
Ares
35%
Arsenal
35%
Big Barda
35%
Bloodsport
35%
Carmine Falcone
35%
Copperhead
35%
Impulse
35%
Iris West
35%
Jonathan Kent
35%
Jor-El
35%
Kite Man
35%
Maxwell Lord
35%
Metamorpho
35%
Mister Miracle
35%
Orion
35%
Polka-Dot Man
35%
Power Girl
35%
Ragman
35%
Rick Flag
35%
Sinestro
35%
Spectre
35%
Speedy
35%
Stargirl
35%
Steel
35%
Steppenwolf
35%
Steve Trevor
35%
Swamp Thing
35%
The Question
35%
Thinker
35%
Ultraman
35%
Ventriloquist
35%
Vixen
35%
White Canary
35%
Animal Man
29%
Atom Smasher
29%
Clock King
29%
Electrocutioner
29%
Guardian
29%
Harvey Bullock
29%
Icon
29%
Jesse Quick
29%
Katana
29%
Lucius Fox
29%
Mongul
29%
Nora Fries
29%
Parasite
29%
Rocket
29%
Sandman
29%
Scarface
29%
Shiva
29%
Signal
29%
Starro
29%
Tweedledee
29%
Tweedledum
29%
XS
29%
Adam Strange
24%
Amanda Waller
24%
Bizzaro
24%
Condiment King
24%
Cyclone
24%
Detective Chimp
24%
Doctor Mid Nite
24%
Dr. Psycho
24%
Godspeed
24%
Great White Shark
24%
Heat Wave
24%
Hourman
24%
Lightning
24%
Maxie Zeus
24%
Sal Maroni
24%
Savitar
24%
Spartan
24%
Spoiler
24%
Static
24%
The Ultra-Humanite
24%
Trickster
24%
Trigon
24%
Vandal Savage
24%
Vibe
24%
Weasel
24%
Weather Wizard
24%
Amethyst
18%
Amygdala
18%
Anti-Monitor
18%
Atrocitus
18%
Bloodwynd
18%
Bumblebee
18%
Bunker
18%
Celcius
18%
Cyborg Superman
18%
Dawnstar
18%
Deacon Blackfire
18%
Doctor Occult
18%
Flamebird
18%
Geo Force
18%
Giganta
18%
Grace Choi
18%
Granny Goodness
18%
Halo
18%
Kilowog
18%
Liberty Belle
18%
Livewire
18%
Looker
18%
Mary Marvel
18%
Maxima
18%
Max Mercury
18%
Mera
18%
Nightmaster
18%
Onyx Adams
18%
Phantom Girl
18%
Prometheus
18%
Rainbow Raider
18%
Rupert Thorne
18%
Sargon the Sorcerer
18%
Simon Stagg
18%
Solstice
18%
Starman
18%
The Wizard
18%
Thunder
18%
Tony Zucco
18%
Toyman
18%
Traci 13
18%
Wildfire
18%
Zauriel
18%
Zebra-Man
18%
Amalak
12%
Anarky
12%
Atomic Skull
12%
Black Flash
12%
Captain Comet
12%
Captain Marvel Jr
12%
Dark Archer
12%
Doctor Light
12%
Doctor Sivana
12%
Dollmaker
12%
Emil Hamilton
12%
Flamingo
12%
Imperiex
12%
Jax-Ur
12%
King Tut
12%
Magpie
12%
Mr. Mxyzptlk
12%
Nocturna
12%
Perry White
12%
Pied Piper
12%
Prankster
12%
Red Death
12%
Silver Banshee
12%
Solovar
12%
Tally Man
12%
TDK
12%
The Creeper
12%
The Phantom King
12%
Tobias Whale
12%
Abra Kadabra
6%
Blackout
6%
Bloodwork
6%
Bruno Mannheim
6%
Cheshire
6%
Cicada
6%
Conduit
6%
Diablo
6%
Double Down
6%
Eradicator
6%
Etta Candy
6%
Folded Man
6%
Girder
6%
Golden Glider
6%
Hippolyta
6%
Inertia
6%
Lara Lor-Van
6%
Magenta
6%
Master Jailer
6%
Mongal
6%
Morgan Edge
6%
Murmur
6%
Nam-Ek
6%
Neutron
6%
Nyssa al Ghul
6%
Peek-a-Boo
6%
Plastique
6%
Plunder
6%
Professor Ivo
6%
Psycho-Pirate
6%
Rampage
6%
Reactron
6%
Rick Flag Sr
6%
Rip Hunter
6%
Silas Stone
6%
Skyhook
6%
Snapper Carr
6%
Subjekt-17
6%
Tar Pit
6%
Tawky Tawny
6%
Terra-Man
6%
The Top
6%
Titano
6%
Tom Curry
6%
Turtle
6%
Vigilante
6%
Zha-Vam
6%
Antiope
0%
Atlanna
0%
Blackguard
0%
Blackrock
0%
Damien Darhk
0%
Deimos
0%
Doctor Cyber
0%
Doctor Death
0%
Doctor Phosphorus
0%
Dragon
0%
Dr. Alchemy
0%
Duke of Deception
0%
Harbinger
0%
Henry Allen
0%
Javelin
0%
Manchester Black
0%
Midnighter
0%
Moira Queen
0%
Nereus
0%
Nora Allen
0%
Overwatch
0%
Pandora
0%
Quentin Lance
0%
Savant
0%
Slipknot
0%
Stephen Shin
0%
Telos
0%
The Puzzler
0%
Walter Steele
0%
No matching quizzes found
Score Distribution
Percent of People with Each Score
Percentile by Number Answered
Your Score History
You have not taken this quiz since the last reset